Statistiques concernant Top 10 des hommes les plus riches du monde (2022)

Cliquez ici pour prendre le quiz!

Statistiques générales

  • Ce quiz a été pris 257 fois
  • Le résultat moyen est 3 sur 10

Statistiques - réponses

RangNationalitéÂgeSource de richesseFortune (en milliards de dollars)Réponse% Correct
1Américaine51Tesla, Space X219Elon Musk
100%
2Américaine58Amazon171Jeff Bezos
80%
3Française73LVMH158Bernard Arnault
60%
4Américaine66Microsoft129Bill Gates
59%
6Américaine49Google111Larry Page
11%
5Américaine91Berkshire Hathaway118Warren Buffett
11%
8Américaine78Oracle106Larry Ellison
4%
7Américaine49Google107Sergey Brin
3%
10Indienne65Reliance Industries Limited90,7Mukesh Ambani
1%
9Américaine66Microsoft91,4Steve Ballmer
1%

Distribution des résultats

Percentile par nombre de réponses

% des personnes avec chaque résultat

Votre développement - résultats

Vous n’avez pas pris ce quiz